Capital-Country multiple choice #1 - Statistics

General Stats
  • This quiz has been taken 24 times
  • The average score is 8 of 10
Answer Stats
Question Answer % Correct
Suva Fiji
100%
Valetta Malta
100%
Vilius Lithuania
92%
Naypyidaw Myanmar
92%
Paramaribo Suriname
92%
St. John's Antigua and Barbuda
75%
Porto-Novo Benin
75%
Sarajevo Bosnia and Herzegovina
75%
Lusaka Zambia
75%
Tashkent Uzbekistan
58%
No matching quizzes found
Score Distribution
Percent of People with Each Score
Percentile by Number Answered
Your Score History
You have not taken this quiz